Lengua y sociedad en el palenque de San Basilio / (Record no. 173224)

MARC details
000 -LEADER
campo de control de longitud fija 01103nam a2200265 i 4500
001 - NÚMERO DE CONTROL
campo de control 173224
003 - IDENTIFICADOR DE NÚMERO DE CONTROL
campo de control ES-MaACL
005 - FECHA Y HORA DE LA ÚLTIMA TRANSACCIÓN
campo de control 20250628044158.0
008 - DATOS DE LONGITUD FIJA--INFORMACIÓN GENERAL
campo de control de longitud fija 091119s1983 ck f |||| | spa d
080 ## - NÚMERO DE LA CLASIFICACIÓN DECIMAL UNIVERSAL
Número de la Clasificación Decimal Universal 308(861.22 Palenque de S. Basilio)
080 ## - NÚMERO DE LA CLASIFICACIÓN DECIMAL UNIVERSAL
Número de la Clasificación Decimal Universal 811.134.2'282(861.22 San Basilio del Palenque)
100 1# - ENTRADA PRINCIPAL--NOMBRE DE PERSONA
Nombre de persona Friedemann, Nina S. de.
9 (RLIN) 162826
Término indicativo de función/relación Autor
245 10 - MENCIÓN DEL TÍTULO
Título Lengua y sociedad en el palenque de San Basilio /
Mención de responsabilidad, etc. Nina S. de Friedemann, Carlos Patiño Rosselli.
260 ## - PUBLICACIÓN, DISTRIBUCIÓN, ETC.
Lugar de publicación, distribución, etc. Bogotá :
Nombre del editor, distribuidor, etc. Instituto Caro y Cuervo,
Fecha de publicación, distribución, etc. 1983.
300 ## - DESCRIPCIÓN FÍSICA
Extensión 300 páginas, XXVIII hojas de láminas ;
Dimensiones 23 cm.
490 1# - MENCIÓN DE SERIE
Mención de serie Publicaciones del Instituto Caro y Cuervo ;
Designación de volumen o secuencia 66
650 #7 - PUNTO DE ACCESO ADICIONAL DE MATERIA--TÉRMINO DE MATERIA
Término de materia o nombre geográfico como elemento de entrada Dialectos criollos españoles.
9 (RLIN) 162794
651 #7 - PUNTO DE ACCESO ADICIONAL DE MATERIA--NOMBRE GEOGRÁFICO
Nombre geográfico San Basilio del Palenque-
Subdivisión general Situación social.
9 (RLIN) 162827
700 1# - ENTRADA AGREGADA--NOMBRE PERSONAL
Nombre de persona Patiño Rosselli, Carlos.
9 (RLIN) 162818
Término indicativo de función/relación Autor
710 2# - ENTRADA AGREGADA--NOMBRE DE ENTIDAD CORPORATIVA
Nombre de entidad corporativa o nombre de jurisdicción como elemento de entrada Instituto Caro y Cuervo.
9 (RLIN) 4806
Término indicativo de función/relación Editor
830 0# - PUNTO DE ACCESO ADICIONAL DE SERIE-TÍTULO UNIFORME
Título uniforme Publicaciones del Instituto Caro y Cuervo ;
Designación de volumen o secuencia 66
9 (RLIN) 177445
852 ## - LOCALIZACIÓN
Ubicación ES-MaACL
Ubicación en estantería Depósito 2
Donativo/Legado Donat. herederos José Prat
Número de control de estantería C-57050
942 ## - ELEMENTOS DE ENTRADA SECUNDARIOS (KOHA)
Fuente del sistema de clasificación o colocación Clasificación decimal universal
Tipo de ítem Koha Libro impreso
Suprimir en OPAC No
Holdings
Estatus retirado Estado de pérdida Estado de daño No para préstamo Biblioteca de origen Biblioteca actual Ubicación en estantería Fecha de adquisición Fuente de adquisición Total de préstamos Signatura topográfica completa Código de barras Visto por última vez Precio de reemplazo Tipo de ítem Koha
        Biblioteca del Ateneo de Madrid Biblioteca del Ateneo de Madrid Depósito 2 19/11/2009     C-57050 1181764 23/02/2023 23/02/2023 Libro impreso